| 000 | 00974cab a2200289 4500 | ||
|---|---|---|---|
| 001 | ABS49835 | ||
| 008 | 090401t1993 xxu||||| |||| 00| 0 eng d | ||
| 035 | _a(Sirsi) u72932 | ||
| 041 | _aeng | ||
| 100 | _aMabey, R. | ||
| 245 | _aCurrent issues in mineral planning | ||
| 260 | _c1993 | ||
| 350 | _a0 | ||
| 490 |
_aMineral Planning _v(57) December 1993, 3-7(5) |
||
| 520 | _aAddresses the theme of sustainable development as a mineral policy issue and its application to coal and aggregate extraction through MPG3 and MPG6. Expands on the restoration and reclamation of quarries and other sites. Copy not available. | ||
| 650 | _aLANDFILL SITES | ||
| 650 | _aMINERAL PLANNING | ||
| 650 | _aMINERAL WASTES | ||
| 650 | _aMINERAL WORKINGS | ||
| 650 | _aMINING PERMISSIONS | ||
| 650 | _aRESTORATION BONDS | ||
| 650 | _aSUSTAINABLE DEVELOPMENT | ||
| 690 | _aMINING AND MINERALS | ||
| 690 | _aPLANNING LAW AND PRACTICE | ||
| 942 | _n0 | ||
| 948 | _c04/03/1997 | ||
| 999 |
_c46101 _d46101 |
||